000 00543nam a2200169 i 4500
001 20327
003 ES-MaACL
005 20230906152258.0
007 t|
008 021111s1981 sp |||| | spa d
100 1 _aAguilar Canosa, Santiago.
_918715
245 1 3 _aLa nueva normativa sobre la industria farmaceútica y la problemática del sector /
_cpor Santiago Aguilar Canosa.
260 _aBarcelona :
_bCros,
_c1981.
300 _a12 p. ;
_c27 cm.
650 4 _aIndustria farmacéutica-
_zEspaña.
_9148580
852 _aES-MaACL
_j2119-F-16
999 _c20327
_d20327